• 首页
  • 本馆介绍
  • 公告通知
  • 最新文献
  • 馆藏检索
  • 电子资源
  • 读者导购
  • 参考咨询
  • 我的图书馆
  • 登录
  • 详细信息显示
  • 放入我的书架
  • 预约/预借图书
  • 作者相关作品
  • 分类相关作品
  • 丛书相关作品
  • 出版社相关作品

书目信息

  • 表格格式
  • 工作单格式
  • 卡片格式
题名:
数字电子技术及应用项目教程
    
 
作者: 李鹏 主编
分册:  
出版信息: 北京   电子工业出版社  2016.3
页数: 10,229页
开本: 26cm
丛书名:
单 册:
中图分类: TN79
科图分类:
主题词: 数字电路--电子技术--高等职业教育--教材
电子资源:
ISBN: 978-7-121-27611-8
000 00822nam0 2200241 450
001 0400005916
005 20171031140303.0
010    @a978-7-121-27611-8@dCNY35.00
100    @a20160422d2016 em y0chiy50 ea
101 0  @achi
102    @aCN@b110000
105    @aa z 000yy
106    @ar
200 1  @a数字电子技术及应用项目教程@Ashu zi dian zi ji shu ji ying yong xiang mu jiao cheng@f李鹏主编
210    @a北京@c电子工业出版社@d2016.3
215    @a10,229页@c图@d26cm
300    @a高等职业教育精品工程规划教材
330    @a本书内容包括:简易会议表决器电路设计与制作、数字键盘与显示电路设计与制作、100秒计时与显示电路设计与制作等。
606 0  @a数字电路@x电子技术@x高等职业教育@j教材
690    @aTN79@v5
701  0 @a李鹏@Ali peng@4主编
801  0 @aCN@b上海新华@c20171031
905    @b1023551-5@dTN79@e101@f5
    
    数字电子技术及应用项目教程/李鹏主编.-北京:电子工业出版社,2016.3
    10,229页:图;26cm
    高等职业教育精品工程规划教材
    
    ISBN 978-7-121-27611-8:CNY35.00
    本书内容包括:简易会议表决器电路设计与制作、数字键盘与显示电路设计与制作、100秒计时与显示电路设计与制作等。
●
相关链接 在E读中查询图书 在五车中查询图书 在当当中查询图书 在豆瓣中查询图书


正题名:数字电子技术及应用项目教程     索取号:TN79/101         预约/预借

序号 登录号 条形码 馆藏地/架位号 状态 备注
1 1023551   210235510   第二样本阅览室/ [索取号:TN79/101] 在馆    
2 1023552   210235529   第三借阅区/ [索取号:TN79/101] 在馆    
3 1023553   210235538   第三借阅区/ [索取号:TN79/101] 在馆    
4 1023554   210235547   第三借阅区/ [索取号:TN79/101] 在馆    
5 1023555   210235556   密集书库-物理学院/ [索取号:TN79/101] 在馆    
唐山师范学院图书馆 欢迎您!
大连网信软件有限公司© 版权所有